Spoken English / (Record no. 159254)

MARC details
000 -LEADER
fixed length control field 00583nam a22002057a 4500
005 - DATE AND TIME OF LATEST TRANSACTION
control field 20181212114808.0
008 - FIXED-LENGTH DATA ELEMENTS--GENERAL INFORMATION
fixed length control field 181212b ||||| |||| 00| 0 eng d
010 ## - LCCN (DPL NO)
LC control number B-219504
020 ## - INTERNATIONAL STANDARD BOOK NUMBER
International Standard Book Number 818382052
Terms of availability 95.00
035 ## - SYSTEM CONTROL NUMBER
System control number B-219504
037 ## - SOURCE OF ACQUISITION
Source of stock number/acquisition BPPD/PUB
040 ## - CATALOGING SOURCE
Original cataloging agency dpl
Language of cataloging English
082 ## - DEWEY DECIMAL CLASSIFICATION NUMBER
Classification number 480
100 ## - MAIN ENTRY--PERSONAL NAME
Personal name Palta, Namrata
245 ## - TITLE STATEMENT
Title Spoken English /
Statement of responsibility, etc by Namrata Palta
260 ## - PUBLICATION, DISTRIBUTION, ETC. (IMPRINT)
Place of publication, distribution, etc New Delhi
Name of publisher, distributor, etc Lotus Press
Date of publication, distribution, etc 2007
270 ## - ADDRESS
Address 4263/3, Ansari Road,Daryaganj
City New Delhi
Postal code 110002
300 ## - PHYSICAL DESCRIPTION
Extent 199p.
Dimensions 23cm(pbk)
942 ## - ADDED ENTRY ELEMENTS (KOHA)
Source of classification or shelving scheme Dewey Decimal Classification
Item type English Books
Classification part 480
Call number suffix PAL
Holdings
Withdrawn status Lost status Source of classification or shelving scheme Damaged status Not for loan Collection code Home library Current library Date acquired Source of acquisition Cost, normal purchase price Total Checkouts Full call number Barcode Date last seen Cost, replacement price Koha item type
    Dewey Decimal Classification     Non-fiction Vigyan Vihar Vigyan Vihar 12/12/2018 BPPD/PUB 95.00   480 PAL B-219504 12/12/2018 95.00 English Books
    Dewey Decimal Classification     Non-fiction Yojana Vihar Yojana Vihar 11/07/2019 BPPD/PUB 95.00   480 PAL B-219525 11/07/2019 95.00 English Books
    Dewey Decimal Classification     Non-fiction Yojana Vihar Yojana Vihar 11/07/2019 BPPD/PUB 95.00   480 PAL B-219503 11/07/2019 95.00 English Books

© Delhi Public Library
Hit Counter
free hit counter